00961nam a2200181 a 450000100100000000500170001000800410002704000250006808200140009324502160010726000600032330000200038370000350040304900090043895201570044795201580060499900170076200003093520200930062611.0110608m19491950xxu 000 0 spa d aDO-SdBNPbspacBNPHU axxxbL49600aThe legacy of Christopher Columbus :bthe historic litigations involving his discoveries, his will, his family, and his descendants /ccompiled from archives in Spain, France and the Americas by Otto Schoenrich. aCalifornia :bThe Arthur H. Clark Company,c1949 -1950. a2v. ; :b24 cm.1 aSchoenrich, Otto,ecomp.91706 aBNPD 001050718RVaPDbPDcCTd2011-06-08iLF1l0ov.1p30935-10r2020-06-25w2020-06-25y1zPerteneció a la colección Julio Ortega FrierZNo se presta 001050718RVaPDbPDcCTd2011-06-08iLF1l0ov. 2p30935-20r2020-06-25w2020-06-25y1zPerteneció a la colección Julio Ortega FrierZNo se presta c30427d30427